|
|
|
|
| LEADER |
00000nam a2200000 a 4500 |
| 001 |
vtls011713202 |
| 003 |
SK-MaSNL |
| 005 |
20260301142150.0 |
| 008 |
200316s2017 xo ihoag n 000 0 slo |
| 015 |
|
|
|a SNBA2017/10
|
| 020 |
|
|
|a 9788089508266
|q (brož.)
|
| 035 |
|
|
|a urn:nbn:sk:snk-am00dg22
|
| 035 |
|
|
|a urn:nbn:sk:snk-am3i128
|
| 035 |
|
|
|a 0DF66369-782B-4723-93AD-A52A697471A9
|
| 040 |
|
|
|a SNK
|b slo
|c SNK
|e AACR2
|
| 041 |
0 |
|
|a slo
|
| 043 |
|
|
|a e-xo---
|
| 044 |
|
|
|a xo
|c SK
|
| 072 |
|
7 |
|a 94(437.6)
|x Dejiny Slovenskej republiky
|2 konspekt
|
| 080 |
|
|
|a 94(437.6)
|2 2011
|
| 080 |
|
|
|a (048.8)
|2 2011
|
| 245 |
0 |
0 |
|a Hažín nad Cirochou
|c [zostavovateľ: Martin Molnár ; autori: František Bližinský ... [et al.] ; fotografie: Miroslav Buraľ ... [et al.]]
|
| 260 |
|
|
|a [Michalovce]
|b Lojan EXCEL PLUS
|c 2017
|
| 300 |
|
|
|a 232 s.
|b erby ; faks., fotogr., mp., tab.
|c 22 cm
|
| 500 |
|
|
|a Vydané pre Obec Hažín nad Cirochou
|
| 500 |
|
|
|a Miesto vyd. podľa ISBN
|
| 504 |
|
|
|a Bibliogr. odkazy ; bibliogr: s. 176-180 ; pozn.
|
| 650 |
0 |
7 |
|a dejiny miest
|2 SNKPH
|9 164833
|
| 651 |
|
7 |
|a Hažín nad Cirochou (Slovensko)
|2 SNK
|9 31763
|
| 651 |
|
7 |
|a Hažín nad Cirochou (Slovakia)
|x history
|2 SNKPHeng
|9 497335
|
| 655 |
|
7 |
|a monografie
|2 SNKPH
|9 70139
|
| 655 |
|
7 |
|a Monographs
|2 SNKPHeng
|9 120675
|
| 700 |
1 |
|
|a Molnár, Martin,
|d 1972-
|4 com
|9 217668
|
| 700 |
1 |
|
|a Bližinský, František
|4 aut
|9 497336
|
| 700 |
1 |
|
|a Buraľ, Miroslav
|4 pht
|9 332996
|
| 710 |
1 |
|
|a Hažín nad Cirochou (Slovensko).
|b Obecný úrad
|4 pbl
|9 170639
|
| 919 |
|
|
|a 978-80-89508-26-6
|
| 958 |
|
|
|a NB
|
| 999 |
|
|
|c 769372
|d 771302
|
| 952 |
|
|
|a SNK
|b SNK
|y PREZ
|7 0
|p 17A1272422
|o snkSC 176298
|i snk2017/21174
|8 0
|0 0
|1 0
|4 0
|d 2017-10-02
|f 1
|l 0
|r 2025-09-17 00:00:00
|w 2026-02-24
|
| 952 |
|
|
|a SNK
|b SNK
|y VYP
|7 0
|p 17A1272423
|o snkSC 176298 D1
|i snk2017/21175
|8 0
|0 0
|1 0
|4 0
|d 2017-10-02
|l 0
|r 2026-02-24 00:30:31
|w 2026-02-24
|